000 01288nam0a22002531 4500
001 rc\1016612
005 20260407111135.0
035 _a(NLR Aleph) 006181711
090 _a6072620
_c6072620
100 _a20041129d1981 |||y0rusy50 ca
101 0 _arus
102 _aRU
105 _ay |||||||||
200 1 _aМесто и роль инженерно-технической интеллигенции в развитом социалистическом обществе
_e(Метод. рекомендации в помощь лекторам, пропагандистам, слушателям системы парт., комс. просвещения)
_fДом полит. просвещения Ворошиловград. обкома Компартии Украины
_g[Подгот. Шмоденко З.А., доц., к. ист. н.]
210 _aВорошиловград
_cБ. и.
_d1981
215 _a39 с.
_d20
320 _aБиблиогр.: с. 39
702 1 _aШмоденко
_bЗ.А.
_4570
712 0 2 _aВорошиловградский областной дом политического просвещения
_3RU\NLR\AUTH\889939075
_9373033
801 0 _aRU
_bNLR
_gpsbo
801 1 _aRU
_bELAR
_2rusmarc
852 _aNLR
_j82-4/29032
942 _cBOOK
980 _aNB